| 000 | 01184nam a22002775a 4500 | ||
|---|---|---|---|
| 999 |
_c27062 _d27034 |
||
| 003 | EG-ScBUE | ||
| 005 | 20190131154806.0 | ||
| 008 | 190131s2012 ua frb 000 0 ara d | ||
| 040 |
_aEG-ScBUE _bara _cEG-ScBUE _dEG-ScBUE |
||
| 043 | _af-ua--- | ||
| 082 | 0 | 4 |
_a346.62015 _bش و ا _222 |
| 100 | 1 | _aشواربي، طلال. | |
| 245 | 1 | 2 |
_aالحلول الفقهية والقضائية للمنازعات أمام محاكم الأسرة / _cإعداد القاضيين طلال الشواربي، عمرو أبو الخير. |
| 260 |
_aالقاهرة : _bنادي القضاة، _c2012. |
||
| 300 |
_a686 ص. ؛ _c24 سم. |
||
| 541 |
_aد. أحمد حمد ؛ _cإهداء ؛ |
||
| 650 | 7 |
_aالأسرة _xقوانين وتشريعات _zمصر. _2BUEsh |
|
| 650 | 7 |
_aالأحوال الشخصية _xقوانين وتشريعات _zمصر. _2BUEsh |
|
| 650 | 7 |
_aمحاكم الأحوال الشخصية _zمصر. _2BUEsh |
|
| 650 | 7 |
_aالمنازعات _xقوانين وتشريعات _zمصر. _2BUEsh |
|
| 650 | 7 |
_aالأسرة (فقه إسلامي) _2BUEsh |
|
| 651 | _2BUEsh | ||
| 653 |
_bLLAAWW _cJanuary2019 |
||
| 700 | 1 | _aأبو الخير، عمرو. | |
| 942 | _2ddc | ||